Score 0/26 Timer 03:00
0 Plays Today
Hint Answer % Correct
One Flew Over the Cuckoo's ____ - KeseyNest
98%
____ of the Flies - GoldingLord
97%
War and ____ - TolstoyPeace
96.5%
The Girl with the ____ Tattoo - LarssonDragon
95.5%
A Clockwork ____ - BurgessOrange
95.4%
The ____ of Wrath - SteinbeckGrapes
95.2%
One Hundred ____ of Solitude - García MárquezYears
95.2%
____ Jones's Diary - FieldingBridget
94.3%
A ____ of Two Cities - DickensTale
94.1%
Their ____ Were Watching God - HurstonEyes
92.6%
The Old Man and the ____ - HemingwaySea
88.6%
The Time ____ - WellsMachine
88.3%
The Time Traveler's ____ - NiffeneggerWife
82.2%
Hint Answer % Correct
Don ____ - CervantesQuixote
81.8%
A Passage to ____ - ForsterIndia
81.7%
The Bell ____ - PlathJar
80.2%
____ of the Dolls - SusannValley
78.8%
____ of Darkness - ConradHeart
74.8%
The Restaurant at the End of the ____ - AdamsUniverse
72.9%
____ and the Art of Motorcycle Maintenance - PirsigZen
70%
____ for Algernon - KeyesFlowers
68.6%
A Clash of ____ - MartinKings
67.6%
A Portrait of the ____ as a Young Man - JoyceArtist
67.5%
Portnoy's ____ - RothComplaint
53.5%
Gravity's ____ - PynchonRainbow
37.8%
____ - CardXenocide
9.1%

Today's Daily Dose

Remove Ads.
Support Sporcle.
Get the best of Sporcle when you Go Orange. This ad-free experience offers more features, more stats, and more fun while also helping to support Sporcle. Thank you for becoming a member.

You're not logged in!

Compare scores with friends on all Sporcle quizzes.
OR
Log In

Show Comments

Extras

Top Quizzes Today


Score Distribution

Your Account Isn't Verified!

In order to create a playlist on Sporcle, you need to verify the email address you used during registration. Go to your Sporcle Settings to finish the process.

Report this User

Report this user for behavior that violates our Community Guidelines.

Details: